[Event "17th Caspian Cup-Masters 2019"]
[Site "Anzali"]
[Date "2019.02.17"]
[Round "7.4"]
[White "Daghli, Arash"]
[Black "Mirzoev, Azer"]
[Result "1/2-1/2"]
[WhiteElo "2354"]
[BlackElo "2483"]
[Annotator "TA"]
[PlyCount "94"]
[EventDate "2019.02.12"]
[EventType "swiss"]
[EventRounds "9"]
[EventCountry "IRI"]
[SourceTitle "playchess.com"]
[Source "ChessBase"]
[SourceQuality "1"]

{[%evp 15,94,10,8,27,14,-11,10,12,37,15,33,0,0,0,8,-8,-13,-47,0,0,16,7,31,47,45,-10,0,-53,0,0,54,0,0,0,38,0,16,0,81,16,68,114,122,0,5,-63,-74,-77,57,18,55,60,48,55,59,58,175,132,120,117,104,41,252,16,16,11,11,16,25,10,10,0,0,0,0,0,0,0,0,0,0]} 1. Nf3 d5 2. c4 d4 3. b4 g6 4. g3 Bg7 5. d3 e5 6. Bg2 Ne7 7. O-O O-O 8. a4 {[%cal Ba2a4,Ba4a5][%mdl 32] A09: Réti Opening: 1 Nf3 d5 2 c4} Nd7 {LiveBook: 3 Games} (8... a5 9. b5 c5 10. Ra2 Nd7 11. e3 dxe3 12. fxe3 e4 13. dxe4 Ne5 14. Nxe5 Bxe5 15. Bb2 Bxb2 16. Rxb2 {0-1 (65) Oparin,G (2613)-Korobov,A (2698) St Petersburg 2018}) 9. a5 $146 ({Predecessor:} 9. Nbd2 c6 10. Nb3 Qc7 11. Ba3 h6 12. Qc2 f5 13. e3 dxe3 14. fxe3 e4 15. dxe4 Bxa1 16. Rxa1 {1-0 (38) Harutyunian,T (2495)-Babujian,L (2465) Yerevan 2016}) 9... Rb8 10. Ra2 h6 11. e3 dxe3 12. Bxe3 b6 13. axb6 axb6 14. Nc3 Bb7 15. d4 Nf5 16. d5 Nxe3 17. fxe3 Qe7 18. Qb3 $1 e4 19. Nd4 Nf6 20. Bh3 ({Better is} 20. Ra7 $14) 20... h5 21. Ncb5 (21. Raf2 $11) 21... h4 (21... Ra8 $15) 22. gxh4 $11 Nh5 (22... Nh7 $11) 23. Rg2 (23. Qc2 $14) 23... Qxh4 24. Bg4 Nf6 25. Be2 (25. Bf5 $5) 25... Ne8 26. Rf4 $36 {[%mdl 2048] Black is under pressure.} Qe7 (26... Qe1+ $11 27. Rf1 Qh4) 27. h4 $16 {next h5 is good for White.} Be5 ({Black should play} 27... Nd6 $11) 28. Nf5 ({Much weaker is} 28. Rxe4 Nf6 $17) 28... Qd7 29. Rf1 ({But not} 29. Nh6+ $6 Kh7 $15) (29. Nbd4 $1 $16) 29... Kh8 30. Ng3 (30. Nfd4 $11) 30... Nf6 $15 31. Nc3 b5 (31... c6 $17 {[%cal Rc6d5]} 32. h5 Rg8) 32. Ncxe4 Nxe4 33. Nxe4 bxc4 34. Bxc4 Qe7 35. Ng5 f5 (35... Bf6 $14) 36. Qd3 Bc8 37. b5 {Hoping for h5!} Rb6 {[#]} 38. Rf3 (38. h5 $1 $16 {[%mdl 512] And now Qe2 would win.} gxh5 39. Ne6 Bxe6 40. dxe6) 38... Qb4 $2 {[#]} (38... Rbf6 $14) 39. Nh3 $2 ({Only move:} 39. h5 $1 $18 {[%mdl 512]}) 39... Qe1+ $11 40. Qf1 Qxf1+ $1 ({Not} 40... Qxh4 $2 41. Ng5 $18) 41. Kxf1 Bd7 42. Nf4 Bxf4 {The position is equal.} 43. exf4 Bxb5 44. Bxb5 Rxb5 45. Rxg6 Rxd5 46. Rfg3 {[%cal Rg6h6]} Rd6 47. Rxd6 cxd6 {Precision: White = 33%, Black = 38%.} 1/2-1/2

[Event "17th Caspian Cup-Masters 2019"]
[Site "Anzali"]
[Date "2019.02.17"]
[Round "7.5"]
[White "Pour Agha Bala, Amirreza"]
[Black "Naderi, M.sadegh"]
[Result "1/2-1/2"]
[WhiteElo "2362"]
[BlackElo "2242"]
[Annotator "TA"]
[PlyCount "146"]
[EventDate "2019.02.12"]
[EventType "swiss"]
[EventRounds "9"]
[EventCountry "IRI"]
[SourceTitle "playchess.com"]
[Source "ChessBase"]
[SourceQuality "1"]

{[%evp 15,146,14,5,0,10,0,0,0,0,0,16,1,11,0,10,0,0,0,36,31,30,35,41,18,16,10,19,21,34,25,26,19,17,15,20,16,27,25,28,22,36,36,31,35,51,30,33,30,35,29,32,31,35,38,48,47,41,45,46,33,48,41,237,221,225,162,168,184,301,312,301,301,291,275,219,79,323,323,450,323,323,323,323,323,323,323,323,190,249,0,323,323,323,323,323,0,458,323,321,188,188,138,395,462,447,149,258,250,443,429,365,0,0,0,0,0,0,-8,-8,-8,-8,-8,0,0,0,-8,0,0,0,-8,0,0,0]} 1. e4 c6 2. Nc3 d5 3. Nf3 dxe4 4. Nxe4 Nf6 5. Nxf6+ exf6 6. d4 Bd6 7. Bd3 O-O 8. O-O Bg4 9. Re1 {B15: Caro-Kann: 3 Nc3: 3...g6 and 3...dxe4 4 Nxe4 Nf6 5 Nxf6+ exf6} Nd7 (9... Qc7 10. h3 Bh5 11. Be3 Nd7 12. Be2 Rfe8 13. Nd2 Bxe2 14. Qxe2 f5 15. f4 Bxf4 16. Qf3 Bxe3+ 17. Rxe3 Rxe3 18. Qxe3 {½-½ (85) Radjabov,T (2734)-Harikrishna,P (2727) Beijing 2014}) 10. h3 Bh5 $1 11. Be4 Re8 12. Bd2 Qc7 $146 ({Predecessor:} 12... Qb6 13. Bc3 Rad8 14. Qd3 Bg6 15. Bxg6 hxg6 16. b3 Bb8 17. Rxe8+ Rxe8 {1-0 (36) Mierins,E (2105)-Krilovs,N (2013) Riga 2013}) 13. c3 Bg6 14. Qc2 Nf8 15. Nh4 Bh2+ 16. Kh1 Bf4 17. Bxf4 Qxf4 {[%mdl 64] Double Attack} 18. Nxg6 hxg6 19. Bd3 Qd6 20. Bc4 Qd7 21. Kg1 Re7 22. Rxe7 Qxe7 23. Qe2 (23. Rd1 {feels hotter.} Re8 24. d5 cxd5 25. Bxd5 Rd8 26. g3) 23... Qxe2 24. Bxe2 $11 {[%mdl 4096] Endgame KRB-KRN} Re8 25. Bc4 Nd7 26. Kf1 Kf8 27. Re1 Rxe1+ 28. Kxe1 {KB-KN} Ke7 29. Kd2 f5 30. Be2 Nf6 31. Bf3 g5 32. Kd3 Kd6 33. c4 b6 34. b4 c5 35. dxc5+ bxc5 36. b5 Kc7 37. Bd5 Nd7 $1 38. Ke3 f4+ $2 (38... f6 $1 $14) 39. Ke4 $1 $18 f6 40. Kf5 $1 Nf8 41. Bf3 $1 Kd6 (41... Kb6 $142 42. Bg4 Ka5) 42. a4 $1 {[%cal Ba2a4,Ba4a5][%mdl 32]} Ke7 43. a5 g6+ 44. Ke4 $1 Kd6 45. Kd3 (45. b6 $18 a6 46. Kd3) 45... Kc7 $2 (45... Nd7 $16) 46. Bc6 $1 Kd6 47. Be8 f5 {Now ...Kc7 and Black clings on.} 48. Kc3 Kc7 49. Bf7 Kd6 {[#]} 50. Kb3 $1 Kc7 51. Be8 (51. Ka4 $142 Kb7 52. a6+ Kc7 53. Be8) 51... Kd8 (51... g4 {was necessary.}) 52. Bf7 Kc7 $1 53. Ka4 Kb7 54. Be8 Kc7 55. Kb3 $2 ({White must play} 55. a6 $18) 55... Kd6 $2 {[%mdl 8192]} (55... Kd8 $1 $11 {and Black is okay.} 56. Bf7 Kc7) 56. Ka3 Kc7 57. Ka4 (57. a6 $142) 57... Kb7 58. Bf7 Kb8 $2 {[%mdl 8192]} (58... Kc7 $16 {keeps fighting.} 59. a6 Kb8) 59. b6 a6 {[#]} 60. Be8 $2 (60. Kb3 $1 $18 {[%cal Rb3c3] is the precise move to win.} Kb7 61. Kc2) 60... Kb7 (60... g4 $16 {was worth a try.}) 61. Kb3 Kc8 $2 (61... g4) 62. Kc3 Kd8 63. Bb5 $2 ({White should play} 63. Bc6 $18) 63... axb5 $11 {The position is equal.} 64. cxb5 {KN-KP} Kc8 65. Kc4 Nd7 {Strongly threatening ...g4.} 66. f3 Kb8 {Black wants to play ...Kb7.} 67. Kd5 Kb7 {Threatens to win with ...g4!} 68. Kc4 $1 Kb8 69. Kd5 Kb7 {White must now prevent ...g4!} 70. Kc4 $1 Kb8 {Hoping for ...Kb7.} 71. Kd5 Kb7 72. Kc4 $1 Kb8 {...Kb7 is the strong threat.} 73. Kd5 Kb7 {Accuracy: White = 66%, Black = 51%.} 1/2-1/2

[Event "17th Caspian Cup-Masters 2019"]
[Site "Anzali"]
[Date "2019.02.17"]
[Round "7.6"]
[White "Aminikiasari, Amer"]
[Black "Mikaelyan, Arman"]
[Result "0-1"]
[WhiteElo "2318"]
[BlackElo "2465"]
[Annotator "TA"]
[PlyCount "118"]
[EventDate "2019.02.12"]
[EventType "swiss"]
[EventRounds "9"]
[EventCountry "IRI"]
[SourceTitle "playchess.com"]
[Source "ChessBase"]
[SourceQuality "1"]

{[%evp 22,118,-13,-24,0,-14,-14,-15,-8,-6,0,-6,0,-17,-14,-22,-20,-7,-1,-42,-38,-92,-77,-110,-100,-114,-95,-100,-68,-65,-70,-70,-69,-74,-8,-8,-8,-8,-8,-24,0,0,0,0,0,0,0,0,0,0,0,0,0,0,0,0,0,0,0,0,0,0,0,0,0,0,0,-29,8,8,8,0,0,-8,0,-21,0,-476,-476,-476,-476,-475,-494,-461,-461,-29961,-29966,-29944,-4775,-29982,-29980,-29986,-29987,-29987,-29988,-29988,-29989,-29989,-29990]} 1. b3 d5 2. Bb2 c5 3. e3 Nc6 4. Bb5 Bd7 5. Nf3 Nf6 6. O-O e6 7. Bxc6 Bxc6 8. Ne5 Rc8 9. d3 Be7 10. Nd2 O-O 11. f4 Be8 12. Qe2 d4 $146 {A06: Réti Opening:1 Nf3 d5} ({Predecessor:} 12... Nd7 13. Ng4 f6 14. c4 Nb8 15. d4 Nc6 16. Nf2 Bg6 17. Nf3 Qb6 18. Rfd1 Rfd8 19. Rac1 Nb4 20. dxc5 Bxc5 21. Bd4 Na6 {½-½ (21) Djosic,S (2258)-Mirkovic,S (2364) Belgrade 2009}) 13. e4 Nd7 14. Nxd7 Bxd7 {The position is equal.} 15. a4 f6 16. Nc4 b6 17. Rf3 Qc7 18. Rh3 Rf7 ({Don't blunder} 18... Qxf4 $2 19. Bc1 $18) 19. Rf1 g6 20. g4 a6 21. Bc1 (21. a5 $15) 21... b5 $17 22. axb5 axb5 23. Nd2 Ra8 24. f5 gxf5 25. exf5 exf5 26. gxf5 Rg7+ 27. Kh1 $1 {[#] next Ne4 is good for White.} c4 $1 {[%mdl 512]} 28. bxc4 $11 bxc4 {White must now prevent ...Ra1.} 29. Ne4 $1 {Strongly threatening Bh6.} cxd3 30. cxd3 {Bh6 is the strong threat.} Ra1 31. Bh6 {[#]} Qc2 $1 {[%cal Rc2e2][%mdl 512]} 32. Qf3 (32. Qxc2 Rxf1#) 32... Rxf1+ 33. Qxf1 Rg4 {aiming for ...Bxf5!} 34. Rg3 Rxg3 35. hxg3 Kf7 36. Qf3 {Intending Qh5+ and mate.} Ke8 37. g4 Bb5 38. Nf2 Bc6 39. Ne4 Kd7 40. Bf4 Kc8 41. Bg3 Kb7 42. Qf4 Ka6 43. Qf3 $1 Bd8 44. g5 Be7 45. gxf6 Bxf6 46. Bh2 Kb5 47. Bg1 Ka4 48. Qg2 Kb3 {Threatens to win with ...Qxg2+.} 49. Qxc2+ $4 {[%mdl 8192]} (49. Qg8+ $11 {and White is okay.} Kb2 50. Qb8+ Qb3 51. Qh2+ Kb1 52. Qe2) 49... Kxc2 {[%mdl 4096] Endgame KBB-KBN} 50. Kh2 Be5+ 51. Kh3 Kxd3 52. Nf2+ Ke2 53. Ng4 (53. Kg4 $19) 53... d3 54. Be3 Bc3 ({Not} 54... d2 55. Bxd2 Bd4 56. Bc1 $17) (54... Bd7 $142 55. Nxe5 Bxf5+ 56. Kg3 Kxe3 57. Nc4+ Ke2 58. Kh4 Bg6 59. Kg5 d2 60. Nb2 d1=Q 61. Nxd1 Kxd1 62. Kh4 Ke2 63. Kg5 Kf2 64. Kf6 Be8 65. Kf5 h5 66. Kf4 Bg6 67. Kg5 Kg3 68. Kf6 Bb1 69. Ke6 h4 70. Kd6 h3 71. Kd5 h2 72. Kd6 h1=Q 73. Kc5 Qb7 74. Kc4 Qb6 75. Kc3 Qc5+ 76. Kb3 Be4 77. Kb2 Qb4+ 78. Ka2 Bh7 79. Ka1 Qb1#) 55. f6 {[#]} Bxf6 $1 {[%mdl 512] Black mates.} 56. Bh6 (56. Nxf6 Kxe3) 56... Bd7 57. Kg3 Bxg4 58. Kxg4 Bd4 59. Bc1 Be3 {Accuracy: White = 43%, Black = 67%.} 0-1

[Event "17th Caspian Cup-Masters 2019"]
[Site "Anzali"]
[Date "2019.02.17"]
[Round "7.7"]
[White "Faghirnavaz, Ali"]
[Black "Gholami Orimi, Mahdi"]
[Result "0-1"]
[WhiteElo "2256"]
[BlackElo "2375"]
[Annotator "TA"]
[PlyCount "42"]
[EventDate "2019.02.12"]
[EventType "swiss"]
[EventRounds "9"]
[EventCountry "IRI"]
[SourceTitle "playchess.com"]
[Source "ChessBase"]
[SourceQuality "1"]

{[%evp 9,42,17,17,17,25,15,18,4,13,16,28,0,0,0,7,0,0,0,0,-43,-50,-45,-17,-104,-64,-125,-121,-163,-152,-241,-158,-223,-212,-330,-336]} 1. d4 Nf6 2. g3 c5 3. d5 b5 4. Bg2 (4. c4 bxc4 5. Nc3 d6 6. Nf3 g6 7. Nd2 Bg7 8. Nxc4 O-O 9. Bg2 Ba6 10. Qa4 Qd7 11. Qxd7 Nbxd7 12. Na5 {1-0 (30) Stupak,K (2562)-Fedorov,A (2576) Minsk 2017}) 4... d6 5. Nf3 Nbd7 6. a4 {A45: Trompowsky Attack} b4 7. O-O $146 ({Predecessor:} 7. c4 g6 8. b3 Bg7 9. Bb2 Qc7 10. Qc2 Bb7 11. Nbd2 h6 12. O-O {0-1 (31) Cernicek,D (2178)-Kovacevic,D (2309) Sombor 2004}) 7... g6 8. c4 {The position is equal.} bxc3 9. Nxc3 Ba6 10. Nd2 Bg7 11. Qc2 O-O 12. Re1 Qb6 13. Rb1 c4 14. Nb5 Bxb5 15. axb5 Rfc8 $36 {[%mdl 2048] Black has good play.} 16. Qa4 (16. Nxc4 $11 Qxb5 17. Na3) 16... Ng4 17. e3 (17. Rf1 $15) 17... Nge5 $17 18. Bh3 Nc5 19. Qc2 (19. Qd1 $17 {is a better defense.} Rcb8 20. Bf1 Qxb5 21. b3) 19... Rc7 ({But not} 19... Qxb5 20. Bxc8 Rxc8 21. e4 $17) 20. f4 (20. Nxc4 $17 {keeps fighting.} Nf3+ 21. Kh1 Nxe1 22. Nxb6 Nxc2 23. Nxa8) 20... Ned3 21. Re2 (21. Rd1 {was worth a try.}) 21... Qxb5 {Precision: White = 17%, Black = 68%.} 0-1

[Event "17th Caspian Cup-Masters 2019"]
[Site "Anzali"]
[Date "2019.02.17"]
[Round "7.8"]
[White "Sedaghati, Mehrdad"]
[Black "Yeritsyan, Hayk"]
[Result "0-1"]
[WhiteElo "2219"]
[BlackElo "2152"]
[Annotator "NA"]
[PlyCount "96"]
[EventDate "2019.02.12"]
[EventType "swiss"]
[EventRounds "9"]
[EventCountry "IRI"]
[SourceTitle "playchess.com"]
[Source "ChessBase"]
[SourceQuality "1"]
[TimeControl "5400+30"]

1. e4 c6 {[%emt 0:03:06]} 2. d4 {[%emt 0:01:36]} d5 {[%emt 0:00:07]} 3. exd5 {[%emt 0:00:57]} cxd5 {[%emt 0:00:09]} 4. Bd3 {[%emt 0:00:02]} Nc6 {[%emt 0:00:18]} 5. c3 {[%emt 0:00:02]} Nf6 {[%emt 0:00:08]} 6. Bf4 {[%emt 0:00:56]} Bg4 {[%emt 0:01:21]} 7. Qb3 {[%emt 0:01:49]} Qd7 {[%emt 0:00:08]} 8. Nd2 {[%emt 0:00:48]} e6 {[%emt 0:01:15]} 9. Ngf3 {[%emt 0:01:38]} Bd6 {[%emt 0:00:22]} 10. Ne5 {[%emt 0:04:04] B13: Caro-Kann: Exchange Variation and Panov-Botvinnik Attack} (10. Bxd6 Qxd6 11. O-O O-O 12. Rfe1 Ne7 13. Ne5 Bf5 14. Bf1 Rab8 15. a4 Ne4 16. Nxe4 Bxe4 17. a5 f6 18. Nd3 Bxd3 19. Bxd3 {½-½ (45) Anand,V (2768)-Mamedyarov,S (2801) Saint Louis 2018}) 10... Qc7 {[%emt 0:00:15]} 11. O-O {[%emt 0:13:26]} O-O {[%emt 0:12:42]} 12. Rfe1 $146 {[%emt 0:10:30]} ({Predecessor:} 12. Nxg4 Bxf4 13. Nxf6+ gxf6 14. Qd1 Kh8 15. g3 Rg8 16. Kh1 Bd6 17. Qh5 Rg7 {½-½ (44) Horvath,A (2409)-Gardarsson,H (2482) ICCF email 2006}) 12... Bh5 {[%emt 0:00:21]} 13. Bg3 {[%emt 0:01:48]} Bxe5 {[%emt 0:03:03]} 14. Bxe5 {[%emt 0:04:47]} Nxe5 {[%emt 0:00:08]} 15. Rxe5 {[%emt 0:02:25]} Bg6 {[%emt 0:00:07]} 16. Bxg6 {[%emt 0:00:06]} hxg6 {[%emt 0:00:05]} 17. Re3 {[%emt 0:00:40]} b5 {[%emt 0:05:11]} 18. a4 {[%emt 0:03:56]} a6 {[%emt 0:06:48]} 19. Ree1 {[%emt 0:02:23]} Rab8 {[%emt 0:06:30]} 20. axb5 {[%emt 0:11:16]} Rxb5 {[%emt 0:04:32]} 21. Qc2 {[%emt 0:00:01]} Qb6 {[%emt 0:00:25]} 22. Reb1 {[%emt 0:02:23]} Rc8 {[%emt 0:01:19]} 23. Nf3 {[%emt 0:10:10]} Ne4 {[%emt 0:00:58]} 24. h4 {[%emt 0:04:30]} a5 {[%emt 0:09:22]} 25. Ra3 {[%emt 0:05:22]} f6 {[%emt 0:04:00]} 26. Raa1 {[%emt 0:04:23]} Kf7 {[%emt 0:06:01]} 27. Qc1 {[%emt 0:00:39]} Qc7 {[%emt 0:02:02]} 28. Nd2 {[%emt 0:01:58]} Nd6 {[%emt 0:00:11]} 29. Qe1 {[%emt 0:00:43]} Rcb8 {[%emt 0:02:20]} 30. Ra2 {[%emt 0:05:51]} Rh8 {[%emt 0:08:21]} 31. g3 {[%emt 0:00:33]} Nf5 {[%emt 0:06:13]} 32. Nf3 {[%emt 0:01:19]} Qc4 {[%emt 0:00:41]} 33. Rba1 {[%emt 0:00:39]} Qd3 {[%emt 0:00:36]} 34. Qf1 {[%emt 0:03:26]} Qxf3 {[%emt 0:07:41]} 35. Qxb5 {[%emt 0:00:03]} g5 {[%emt 0:00:05]} 36. Qf1 {[%emt 0:01:32] [#]} Nxh4 $1 {[%emt 0:03:56]} 37. Rxa5 {[%emt 0:01:07]} Qe4 {[%emt 0:00:04]} 38. Ra7+ {[%emt 0:00:15]} Kg6 {[%emt 0:00:03]} 39. gxh4 {[%emt 0:00:47]} Rxh4 {[%emt 0:00:04]} 40. Qg2 $19 {[%emt 0:00:35]} Rg4 {[%emt 0:00:04]} 41. Qxg4 {[%emt 0:00:06]} Qxg4+ {[%emt 0:00:04]} 42. Kf1 {[%emt 0:00:03]} Qf3 {[%emt 0:00:58]} 43. R1a6 {[%emt 0:00:35]} Qd1+ {[%emt 0:01:45]} 44. Kg2 {[%emt 0:00:03]} g4 {[%emt 0:02:51]} 45. Rxe6 {[%emt 0:00:30]} Qf3+ {[%emt 0:00:11]} 46. Kg1 {[%emt 0:01:40]} g3 {[%emt 0:00:05]} 47. fxg3 {[%emt 0:00:18]} Qxg3+ {[%emt 0:00:03]} 48. Kf1 {[%emt 0:00:01]} Qh3+ {[%emt 0:00:06]} 0-1

[Event "17th Caspian Cup-Masters 2019"]
[Site "Anzali"]
[Date "2019.02.17"]
[Round "7.9"]
[White "Torkamannejad, Javad"]
[Black "Omidi, Arya"]
[Result "1-0"]
[WhiteElo "2143"]
[BlackElo "2354"]
[Annotator "TA"]
[PlyCount "115"]
[EventDate "2019.02.12"]
[EventType "swiss"]
[EventRounds "9"]
[EventCountry "IRI"]
[SourceTitle "playchess.com"]
[Source "ChessBase"]
[SourceQuality "1"]

{[%evp 17,115,-7,0,-6,0,5,10,4,10,5,5,5,4,6,14,4,7,4,7,7,10,7,10,0,7,0,0,0,16,12,14,16,12,0,0,0,0,0,0,0,41,0,0,0,0,0,30,25,52,54,54,53,55,72,60,61,71,81,154,0,31,0,152,146,137,135,217,211,208,105,297,282,319,304,513,485,682,681,543,356,928,910,866,985,844,949,864,292,649,642,1792,1810,29966,29970,29979,29978,29978,29979,29978,29974]} 1. e4 e5 2. Nf3 Nc6 3. Nc3 Nf6 4. d4 exd4 5. Nxd4 Bb4 6. Nxc6 bxc6 7. Bd3 d5 8. exd5 O-O 9. O-O cxd5 10. h3 {C47: Scotch Four Knights and Four Knights with 4 g3} c6 11. Qf3 Rb8 (11... Bd6 12. Bf4 Be6 13. b3 c5 14. Rad1 Bxf4 15. Qxf4 Qa5 16. Qd2 c4 17. Be2 Rac8 18. bxc4 dxc4 {0-1 (28) Morozevich,A (2656)-Mamedyarov,S (2817) St Petersburg 2018}) 12. Bf4 {The position is equal.} Bd6 13. b3 Bxf4 14. Qxf4 Be6 15. Na4 Qa5 16. Qd6 Rfc8 $146 ({Predecessor:} 16... Rbc8 17. Qc5 Qc7 18. b4 Qf4 19. c3 Bf5 {0-1 (50) Lagunow,A (2418)-Hector,J (2479) Germany 2018}) 17. Qc5 Qxc5 18. Nxc5 Nd7 19. Nxd7 Bxd7 20. c4 Be6 21. Rac1 d4 22. c5 Rb4 23. Ba6 Rd8 24. Rfd1 g5 25. Kf1 Kg7 26. Ke2 Kf6 27. Kd3 Bd5 28. g3 Rbb8 29. Bc4 Bg2 30. h4 gxh4 31. gxh4 Rd7 32. Rg1 Rg8 33. b4 Rdd8 34. b5 cxb5 35. Bxb5 Bh3 36. Rxg8 Bf5+ 37. Kc4 Be6+ {[#]} (37... Rxg8 $142 38. c6 (38. Kxd4 Rg4+ 39. Kd5 Rxh4 $14) 38... d3) 38. Kd3 ({White must play} 38. Kb4 $1 $16 Rxg8 39. c6) 38... Bf5+ $14 39. Kc4 ({Better is} 39. Kd2 $14 Rxg8 40. c6) 39... Be6+ $16 {[#]} 40. Kb4 $1 Rxg8 {[%mdl 4096] Endgame KRB-KRB} 41. c6 Bxa2 (41... Ke7 $16) 42. c7 $18 Be6 43. Ba6 ({White should try} 43. Kc5 $18) 43... Ke5 $2 (43... Bc8 $16 {might work better.}) 44. Kc5 Ke4 45. Bb7+ Kd3 $2 (45... Ke5 {keeps fighting.} 46. Re1+ Kf6) 46. Rd1+ Ke2 (46... Kc3 $142 47. Rxd4 Rg4 48. Rxg4 Bxg4) 47. Rxd4 Kxf2 48. Bd5 Bh3 $2 (48... Bc8 49. Rd2+ Ke3) 49. Rf4+ Kg3 50. Rxf7 Rh8 51. h5 Kh4 52. Bf3 $2 (52. Kd6 Kxh5 53. Be6 Bxe6 54. Kxe6) 52... Kg5 $2 (52... h6 53. Rf6 Kg5 54. Rg6+ Kh4) 53. Kd6 a5 54. Bc6 Bc8 55. Bd7 {White mates.} a4 56. Bxc8 Rxc8 57. Rxh7 a3 58. Rg7+ {Accuracy: White = 79%, Black = 43%.} 1-0

[Event "17th Caspian Cup-Masters 2019"]
[Site "Anzali"]
[Date "2019.02.17"]
[Round "7.10"]
[White "Pilvaieh, Ali"]
[Black "Noroozi, Omid"]
[Result "0-1"]
[WhiteElo "2156"]
[BlackElo "2336"]
[Annotator "TA"]
[PlyCount "82"]
[EventDate "2019.02.12"]
[EventType "swiss"]
[EventRounds "9"]
[EventCountry "IRI"]
[SourceTitle "playchess.com"]
[Source "ChessBase"]
[SourceQuality "1"]

{[%evp 18,82,-8,-9,-10,-17,-18,-21,0,11,0,-12,44,56,59,52,91,91,151,112,127,0,0,-7,0,-25,61,0,24,8,93,76,202,215,206,150,164,157,157,168,122,113,225,168,182,168,187,-116,-116,-116,-109,-94,-91,-94,-103,-452,-424,-582,-577,-1238,-1235,-29980,-29981,-29979,-29980,-29985,-29980]} 1. e4 c5 2. Nc3 d6 3. f4 e6 4. Nf3 a6 5. g3 b5 6. Bg2 {B23: Closed Sicilian: Lines without g3} Bb7 7. d3 Nf6 8. O-O Be7 9. h3 (9. a4 b4 10. Ne2 c4 11. b3 cxd3 12. cxd3 O-O 13. h3 Nc6 14. g4 Nd7 15. g5 {1-0 (51) Duda,J (2717)-Fedorchuk,S (2648) Katowice 2017}) 9... Nc6 10. g4 {LiveBook: 5 Games} h6 11. a4 b4 12. Ne2 d5 $146 ({Predecessor:} 12... Qc7 13. Be3 a5 14. Ng3 {0-1 (39) Onyekwere,C (2290)-Adu,O (2304) Houston 2007}) 13. e5 Nd7 14. Ng3 Nd4 ({Black should play} 14... Qc7 $11) 15. Nxd4 $14 cxd4 16. f5 g6 17. Ne2 Nxe5 ({Black should try} 17... a5) 18. fxe6 $1 $16 fxe6 19. c3 (19. Nxd4 $16 {And now Qe2 would win.} Bc5 20. Be3) 19... dxc3 $11 20. bxc3 Qb6+ 21. d4 a5 (21... g5 $1 $11) 22. Kh1 (22. cxb4 $14 Bxb4 23. Kh1) 22... Nd7 23. cxb4 Bxb4 (23... axb4 $11 {remains equal.} 24. Nf4 Nf8) 24. Qd3 $16 Rg8 (24... g5 $16) 25. Bxh6 $18 O-O-O 26. Rfc1+ Kb8 27. Bf4+ e5 28. dxe5 {[%cal Bd4e5,Be5e6][%mdl 32]} g5 29. Bh2 Ka8 (29... Nc5 $16 {keeps fighting.} 30. Qe3 Rc8) 30. Rab1 Rge8 31. e6 Nc5 {[#]} 32. Qb5 $2 ({White must play} 32. Qd4 $1 $18 {Rxb4! is the strong threat.} Rc8 33. Bg1 (33. Bxd5 Rxe6 34. Nc3 Nxa4 $15)) 32... Qxb5 $17 33. axb5 {[#] Hoping for Rxb4!} d4 $1 {[%cal Bd5d4,Bd4d3,Bd3d2][%mdl 32]} 34. Bc7 Bxg2+ 35. Kxg2 Rd5 {White must now prevent ...Kb7.} 36. Ng3 $2 {[%mdl 8192]} (36. Nxd4 $17 Kb7 37. Bxa5 Bxa5 38. Rd1) 36... Rxe6 37. Nf5 d3 38. Rxb4 axb4 39. b6 d2 {Black mates.} 40. Ra1+ Kb7 41. Ra7+ Kc6 {Precision: White = 41%, Black = 32%.} 0-1